Prieskum špecifík spotrebiteľského správania seniorov diplomová práca

Na minha lista:
Detalhes bibliográficos
Autor principal: Lukáčová, Zuzana
Autor Corporativo: Obchodná fakulta EU. Katedra marketingu
Outros Autores: Kopaničová, Janka, 1979-
Formato: Livro
Idioma:eslovaco
Publicado em: Bratislava 2014
Tags: Adicionar Tag
Sem tags, seja o primeiro a adicionar uma tag!

MARC

LEADER 00000nbm a2200000 4500
001 0186084
005 20170201094758.0
041 0 |a slo 
044 |a SK 
245 1 0 |a Prieskum špecifík spotrebiteľského správania seniorov  |b diplomová práca  |c Zuzana Lukáčová ; školiteľ: Janka Kopaničová 
264 1 |a Bratislava  |c 2014 
300 |a 77 s. 
100 1 |a Lukáčová, Zuzana 
700 1 |a Kopaničová, Janka, 1979- 
710 2 |a Obchodná fakulta EU. Katedra marketingu